রবীন্দ্রসমগ্র : প্রকাশিত-অপ্রকাশিত বাংলা-ইংরেজি রচনা, চিঠিপত্র, পাণ্ডুলিপি, চিত্রকলা ও আলোকচিত্রসহ. খণ্ড ২৪. চিঠিপএ : মুসলিম সমাজ, বিদ্বজ্জন ও বিবিধ /

Bibliographic Details
Main Author: ঠাকুর, রবীন্দ্রনাথ, ১৮৬১-১৯৪১
Format: Book
Language:Bengali
Published: ঢাকা : পাঠক সমাবেশ, ২০১৫.
Series:Complete works of Rabindranath Tagore
Subjects:
Classic Catalogue: View this record in Classic Catalogue
LEADER 01781nam a22003137a 4500
001 40302
003 BD-DhAAL
005 20250622093245.0
008 221228t2015 bg a|||| |||| 00| 1 ben d
020 |a 9789848866405 (set) 
040 |a BD-DhAAL  |c BD-DhAAL 
041 |a ben 
082 |a 891.44  |2 23 
100 |a ঠাকুর, রবীন্দ্রনাথ,  |d ১৮৬১-১৯৪১.  |9 53215 
245 |a রবীন্দ্রসমগ্র :  |b প্রকাশিত-অপ্রকাশিত বাংলা-ইংরেজি রচনা, চিঠিপত্র, পাণ্ডুলিপি, চিত্রকলা ও আলোকচিত্রসহ.  |n খণ্ড ২৪.  |p চিঠিপএ : মুসলিম সমাজ, বিদ্বজ্জন ও বিবিধ /  |c রবীন্দ্রনাথ ঠাকুর. 
246 |a Rabindrashamagra 
260 |a ঢাকা :  |b পাঠক সমাবেশ,  |c ২০১৫. 
300 |a [বত্রিশ], ১৪৪৭ পৃষ্ঠা :  |b চিত্র ;  |c ২২ সে.মি. 
362 |a Vol. 24 
490 |a Complete works of Rabindranath Tagore. 
505 |a v. 24. : চিঠিপএ : মুসলিম সমাজ, বিদ্বজ্জন ও বিবিধ. 
541 |a Donated By Akbar Ali Khan  |e 40302 
600 |a Tagore, Rabindranath,  |d 1861-1941.  |9 53217 
650 |a Bengali literature.  |9 53218 
830 |a Complete works of Rabindranath Tagore  |9 58194 
852 |a Ayesha Abed Library  |c Akbar Ali Khan Collection 
942 |2 ddc  |c BK 
999 |c 45306  |d 45306 
952 |0 0  |1 0  |2 ddc  |4 0  |6 891_440000000000000_TAG  |7 1  |9 72609  |a BRACUL  |b BRACUL  |c AWC  |d 2022-12-28  |e Donated by Akbar Ali Khan  |g 2495.00  |l 0  |o 891.44 TAG  |p 3010040302  |r 2022-12-28  |t 1  |w 2022-12-28  |y BK